书目信息 |
| 题名: |
工程项目管理
|
|
| 作者: | 陈新元 编著 | |
| 分册: | ||
| 出版信息: | 北京 中国水利水电出版社 2007.01 |
|
| 页数: | 381页 | |
| 开本: | 26cm | |
| 丛书名: | ||
| 单 册: | ||
| 中图分类: | TU71 | |
| 科图分类: | ||
| 主题词: | 建筑工程--jian zhu gong cheng--施工管理--项目管理 | |
| 电子资源: | ||
| ISBN: | 978-7-5084-4102-3 | |
| 000 | 01035nam0 2200253 450 | |
| 001 | 012007716990 | |
| 005 | 20070927100544.79 | |
| 010 | @a978-7-5084-4102-3@dCNY49.00 | |
| 100 | @a20070723d2007 km y0chiy0120 ea | |
| 101 | 0 | @achi |
| 102 | @aCN@b110000 | |
| 105 | @aa a 000yy | |
| 200 | 1 | @a工程项目管理@Agong cheng xiang mu guan li@e施工经济与经营管理实务@d= Project manangement@econstruction economy and management practice@f陈新元编著@Fchen xin yuan bian zhu@zeng |
| 210 | @a北京@c中国水利水电出版社@d2007.01 | |
| 215 | @a381页@c图@d26cm | |
| 320 | @a有书目。 | |
| 330 | @a本书内容包括:工程造价管理的依据、原理和方法、特别在工程实验阶段施工合同的造价管理方法作了详细的介绍。 | |
| 510 | 1 | @aProject manangement@econstruction economy and management practice@zeng |
| 517 | 1 | @a施工经济与经营管理实务@Ashi gong jing ji yu jing ying guan li shi wu |
| 606 | 0 | @a建筑工程@Ajian zhu gong cheng@x施工管理@x项目管理 |
| 690 | @aTU71@v4 | |
| 701 | 0 | @a陈新元@Achen xin yuan@4编著 |
| 801 | 0 | @aCN@c20070927 |
| 905 | @dTU71@eC598 | |
| 工程项目管理:施工经济与经营管理实务= Project manangement:construction economy and management practice/陈新元编著.-北京:中国水利水电出版社,2007.01 |
| 381页:图;26cm |
| ISBN 978-7-5084-4102-3:CNY49.00 |
| 本书内容包括:工程造价管理的依据、原理和方法、特别在工程实验阶段施工合同的造价管理方法作了详细的介绍。 |
| ● |
| 相关链接 |
|
|
|
正题名:工程项目管理
索取号:TU71/C598
 
预约/预借
| 序号 | 登录号 | 条形码 | 馆藏地/架位号 | 状态 | 备注 |
| 1 | 246510 | 202465108 | 建筑库201/201建筑库 19排2列4层/ [索取号:TU71/C598] | 在馆 | |
| 2 | 246511 | 202465117 | 建筑库201/201建筑库 15排2列1层/ [索取号:TU71/C598] | 在馆 | |
| 3 | 246512 | 202465126 | 建筑库201/201建筑库 15排2列1层/ [索取号:TU71/C598] | 在馆 |